[Event "IND-ch U17"]
[Site "Saravanampatty"]
[Date "2017.10.25"]
[Round "3"]
[White "Saurabh, Anand"]
[Black "Aswin, Kumar BS"]
[Result "1-0"]
[WhiteElo "2288"]
[BlackElo "1784"]
[PlyCount "91"]
[EventDate "2017.10.24"]
[EventType "swiss"]
[EventRounds "11"]
[EventCountry "IND"]
[SourceTitle "CBM 181 Extra"]
[Source "ChessBase"]
[SourceDate "2017.12.12"]
[SourceVersion "1"]
[SourceVersionDate "2017.12.12"]
[SourceQuality "1"]

1. e4 c5 2. Nf3 d6 3. d4 cxd4 4. Nxd4 Nf6 5. Nc3 a6 6. Be2 e6 7. 0-0 Be7 8. f4 Qc7 9. Be3 h5 10. Bf3 Nc6 11. Qe1 h4 12. Rd1 h3 13. g3 Nxd4 14. Bxd4 e5 15. Be3 Bd7 16. Nd5 Nxd5 17. exd5 Bb5 18. Rf2 exf4 19. Bxf4 0-0-0 20. c4 Be8 21. c5 Kb8 22. Rc1 Qd7 23. c6 Qc7 24. cxb7 Qxb7 25. Rc3 Ka8 26. Rfc2 Bf6 27. Rc7 Qb6+ 28. Kh1 Bb5 29. Rxf7 Rhe8 30. Qc1 Qa5 31. Bd2 Qb6 32. Bg4 Qd4 33. Bxh3 Bd3 34. Bc3 Qxd5+ 35. Bg2 Be4 36. Bxf6 Bxg2+ 37. Kg1 Qxf7 38. Bxd8 Bb7 39. Rc7 Qd5 40. Rc8+ Ka7 41. Bb6+ Kxb6 42. Qc7+ Kb5 43. a4+ Kxa4 44. b3+ Kb4 45. Qc3+ Ka3 46. Qa1+ 1-0